Statistics for ヘキサゴンファミリー

Click here to take the quiz!

General Stats

  • This quiz has been taken 27 times
  • The average score is 15 of 46

Answer Stats

人名番組外のユニット/コンビ番組内のユニット(抜粋)% Correct
上地雄輔羞恥心
96%
矢口真里矢口真里とストローハット
87%
つるの剛士羞恥心
87%
スザンヌPabo
87%
里田まいPabo
74%
田中卓志アンガールズエア(ヴィジュアル)バンド
65%
庄司智春品川庄司エア(ヴィジュアル)バンド
65%
島田紳助
61%
木下優樹菜Pabo
61%
野久保直樹羞恥心
61%
品川祐品川庄司MUSH
61%
藤本敏史FUJIWARA里田まい with 合田兄妹
57%
クリス松村ラクダとカッパ
52%
山根良顕アンガールズラクダとカッパ
43%
原西孝幸FUJIWARA矢口真里とストローハット
43%
波田陽区一発屋2008
43%
山田親太朗サーターアンダギー
39%
岡田圭右ますだおかだエアバンド
39%
小島よしお一発屋2008
39%
まいけるまいける&はなか
35%
misono里田まい with 合田兄妹
30%
崎本大海フレンズ
26%
渡辺正行
26%
向井慧パンサーMUSH
22%
ダンディ坂野一発屋2008
22%
ラサール石井
22%
中村仁美フジテレビアナウンサー部長と部下
17%
南明奈famille 〜ファミーユ〜
17%
元木大介矢口真里とストローハット
17%
辻希美
13%
具志堅用高
13%
神戸蘭子famille 〜ファミーユ〜
9%
榊原徹士新選組リアンスザンヌ×スザンぬ
9%
牧原俊幸フジテレビアナウンサー部長と部下
9%
森公平新選組リアンサーターアンダギー
9%
冠徹弥エアメタルバンドfeat.冠徹弥
9%
山口純新選組リアン
4%
金剛地武志エアバンド
4%
松岡卓弥サーターアンダギー
4%
RYOEIエア(ヴィジュアル)バンド
4%
大沢あかね矢口真里とストローハット
0%
関義哉新選組リアン
0%
さとう里香矢口真里とストローハット
0%
國定拓弥新選組リアン
0%
附田花香まいける&はなか
0%
KENTA
0%

Score Distribution

Percentile by Number Answered

Percent of People with Each Score

Your Score History

You have not taken this quiz